[Event "TCh-ESP Div 1 2015"]
[Site "Linares ESP"]
[Date "2015.08.10"]
[Round "3.3"]
[Board "1"]
[White "Iturrizaga Bonelli, Eduardo"]
[Black "Baklan, Vladimir"]
[Result "1/2-1/2"]
[WhiteTitle "GM"]
[BlackTitle "GM"]
[WhiteElo "2625"]
[BlackElo "2608"]
[WhiteTeam "Equigoma-Casa Social Católica"]
[BlackTeam "C.A. Jaime Casas"]
[WhiteFideId "3901211"]
[BlackFideId "14102196"]
[EventDate "2015.08.08"]

1. Nf3 Nf6 2. c4 e6 3. Nc3 b6 4. g3 Bb7 5. Bg2 Be7 6. O-O O-O 7. b3 d5 8. Bb2 c5
9. e3 a6 10. d4 Nbd7 11. Ne5 cxd4 12. exd4 Rc8 13. cxd5 exd5 14. Bh3 Rc7 15. Ne2
Re8 16. Nf4 Bd6 17. Re1 Nf8 18. a3 Ne4 19. b4 Ng6 20. Nfd3 f6 21. Ng4 Bf8 22.
Bg2 Nd6 23. Rxe8 Qxe8 24. Ne3 Qf7 25. Qh5 Ne7 26. Qxf7+ Kxf7 27. Nf4 Nc4 28. Rc1
b5 29. Ba1 Rd7 30. Nd3 Bc6 31. Nc5 Ra7 32. Nc2 g6 33. Re1 Nf5 34. Ne6 Be7 35.
Nf4 Rd7 36. Bh3 Bd6 37. Nd3 Ra7 38. Bc3 Ng7 39. Nc5 f5 40. Bg2 Ne8 41. Ne3 Nc7
42. Nc2 Ra8 43. Nd3 Ne6 44. f4 Rc8 45. Kf2 Bb8 46. Nc5 Nc7 47. Rc1 Ba7 48. Nd3
Ne8 49. Ne5+ Nxe5 50. fxe5 Ba8 51. Bb2 Ng7 52. Ke3 Ne6 53. Bf1 Bb7 54. Bd3 h5
55. Rf1 h4 56. Ne1 hxg3 57. hxg3 Rh8 58. Nf3 Bb6 59. Kf2 Kg7 60. Ra1 Bc6 61. Rc1
Bb7 62. Ra1 Bc6 63. Rc1 Bb7 1/2-1/2

[Event "TCh-ESP Div 1 2015"]
[Site "Linares ESP"]
[Date "2015.08.10"]
[Round "3.3"]
[Board "2"]
[White "Forcen Esteban, Daniel"]
[Black "Arizmendi Martinez, Julen Luis"]
[Result "1-0"]
[WhiteTitle "IM"]
[BlackTitle "GM"]
[WhiteElo "2543"]
[BlackElo "2529"]
[WhiteTeam "C.A. Jaime Casas"]
[BlackTeam "Equigoma-Casa Social Católica"]
[WhiteFideId "2288230"]
[BlackFideId "2205092"]
[EventDate "2015.08.08"]

1. e4 c5 2. Nf3 e6 3. d4 cxd4 4. Nxd4 Nc6 5. Nc3 Qc7 6. Be2 Nf6 7. O-O Be7 8.
Be3 O-O 9. f4 d6 10. Kh1 Nxd4 11. Bxd4 e5 12. Be3 b6 13. Bd3 Bb7 14. Qf3 Rad8
15. fxe5 dxe5 16. a4 Bc6 17. Ne2 Bd7 18. Ng3 Bc5 19. h3 Bxe3 20. Qxe3 Ne8 21.
Rfd1 Be6 22. b3 Nd6 23. Rf1 f6 24. Rf3 Nb7 25. Nf5 Kh8 26. Qe2 Nc5 27. Bc4 Qb7
28. Re1 Rd7 29. Bb5 Rdd8 30. b4 Nd7 31. Rg3 Bxf5 32. exf5 Nb8 33. c3 a6 34. Bc4
a5 35. bxa5 bxa5 36. Rg4 Rd6 37. Rh4 h6 38. Qe3 Rfd8 39. Re2 Kh7 40. Kh2 Nd7 41.
Qg3 Nf8 42. Rxh6+ 1-0

[Event "TCh-ESP Div 1 2015"]
[Site "Linares ESP"]
[Date "2015.08.10"]
[Round "3.3"]
[Board "3"]
[White "Castellanos Rodriguez, Renier"]
[Black "Antoli Royo, Joaquin Miguel"]
[Result "1-0"]
[WhiteTitle "IM"]
[BlackTitle "IM"]
[WhiteElo "2468"]
[BlackElo "2440"]
[WhiteTeam "Equigoma-Casa Social Católica"]
[BlackTeam "C.A. Jaime Casas"]
[WhiteFideId "3404650"]
[BlackFideId "2259532"]
[EventDate "2015.08.08"]

1. Nf3 d5 2. c4 d4 3. g3 Nc6 4. Bg2 e5 5. d3 Be7 6. O-O Nf6 7. b4 Bxb4 8. Nxe5
Nxe5 9. Qa4+ Nc6 10. Bxc6+ bxc6 11. Qxb4 Nd7 12. Qa5 O-O 13. Bf4 Re8 14. Re1 Nb6
15. Nd2 f6 16. Ne4 Be6 17. f3 f5 18. Nf2 g5 19. Bd2 Qf6 20. Rac1 Bf7 21. e4 dxe3
22. Rxe3 Rxe3 23. Bxe3 Re8 24. Re1 h6 25. Kg2 Re6 26. Bd2 Rxe1 27. Bxe1 Qe6 28.
Bc3 Bh5 29. Qxa7 g4 30. fxg4 fxg4 1-0

[Event "TCh-ESP Div 1 2015"]
[Site "Linares ESP"]
[Date "2015.08.10"]
[Round "3.3"]
[Board "4"]
[White "Garza Marco, Sergio"]
[Black "Corral Blanco, Juan Antonio"]
[Result "0-1"]
[WhiteTitle "IM"]
[BlackTitle "FM"]
[WhiteElo "2390"]
[BlackElo "2432"]
[WhiteTeam "C.A. Jaime Casas"]
[BlackTeam "Equigoma-Casa Social Católica"]
[WhiteFideId "2210177"]
[BlackFideId "2200368"]
[EventDate "2015.08.08"]

1. d4 Nf6 2. c4 e6 3. Nc3 Bb4 4. f3 c5 5. d5 O-O 6. e4 b5 7. Ne2 bxc4 8. Nf4 Ba6
9. Be2 exd5 10. Nxd5 Nxd5 11. Qxd5 Nc6 12. O-O Qf6 13. Kh1 Bxc3 14. Bg5 Qd4 15.
bxc3 Qxd5 16. exd5 Ne5 17. Rab1 f6 18. Bh4 d6 19. f4 Nd3 20. Bg4 f5 21. Bd1 Rf7
22. Ba4 Bb7 23. Bc6 Bxc6 24. dxc6 Rc8 25. Rb7 Rxc6 26. Rb8+ Rf8 27. Rb7 Ra6 28.
h3 h6 29. Be7 Rf7 30. Rd7 d5 31. Rb1 Kh7 32. Rbb7 Nxf4 33. Bxc5 Rxd7 34. Rxd7
Rxa2 35. Bxa7 Ne2 36. Bb8 d4 37. Be5 h5 38. cxd4 c3 39. Rxg7+ Kh6 40. Rc7 c2 41.
d5 c1=Q+ 42. Rxc1 Nxc1 43. Bf4+ Kg6 44. d6 Kf7 0-1

[Event "TCh-ESP Div 1 2015"]
[Site "Linares ESP"]
[Date "2015.08.10"]
[Round "3.4"]
[Board "1"]
[White "Pena Gomez, Manuel"]
[Black "Adla, Diego"]
[Result "1-0"]
[WhiteTitle "IM"]
[BlackTitle "IM"]
[WhiteElo "2462"]
[BlackElo "2437"]
[WhiteTeam "C.A. Universidad de Vigo"]
[BlackTeam "C.A. Stadium Casablanca"]
[WhiteFideId "2252813"]
[BlackFideId "100072"]
[EventDate "2015.08.08"]

1. e4 e6 2. d4 d5 3. exd5 exd5 4. c4 Nf6 5. Nf3 Bb4+ 6. Bd2 Bxd2+ 7. Nbxd2 O-O
8. Be2 dxc4 9. Nxc4 Nc6 10. O-O Be6 11. Nce5 Qd6 12. Nxc6 Qxc6 13. Rc1 Qb6 14.
b3 Rad8 15. Qc2 c6 16. Rfd1 Bg4 17. Qc4 Rd5 18. h3 Bh5 19. Qc3 Re8 20. Qb2 Red8
21. g4 Bg6 22. Bc4 R5d6 23. Re1 Qc7 24. Qe2 Qc8 25. Qe5 Nd5 26. a4 f6 27. Qg3
Bf7 28. a5 Qc7 29. a6 b6 30. g5 Kh8 31. Re4 R6d7 32. Qxc7 Rxc7 33. Rce1 Kg8 34.
gxf6 gxf6 35. Kh2 Kf8 36. Nh4 Ne7 37. Rf4 Bxc4 38. bxc4 Kf7 39. Nf3 Ng6 40. Ng5+
Kg8 41. Rxf6 Rxd4 42. Ne6 Re7 43. Rg1 1-0

[Event "TCh-ESP Div 1 2015"]
[Site "Linares ESP"]
[Date "2015.08.10"]
[Round "3.4"]
[Board "2"]
[White "Glavina, Pablo"]
[Black "Paramos Dominguez, Roberto"]
[Result "1-0"]
[WhiteTitle "IM"]
[BlackTitle "IM"]
[WhiteElo "2387"]
[BlackElo "2398"]
[WhiteTeam "C.A. Stadium Casablanca"]
[BlackTeam "C.A. Universidad de Vigo"]
[WhiteFideId "100234"]
[BlackFideId "2202565"]
[EventDate "2015.08.08"]

1. d4 Nf6 2. c4 g6 3. f3 d5 4. cxd5 Nxd5 5. e4 Nb6 6. Nc3 Bg7 7. Be3 O-O 8. Qd2
Nc6 9. O-O-O Qd6 10. h4 Rd8 11. Nb5 Qd7 12. h5 a6 13. Nc3 Nxd4 14. hxg6 fxg6 15.
g4 e5 16. Qh2 Bh8 17. f4 exf4 18. Bxf4 Qf7 19. Bxc7 Be6 20. Bxb6 Nb3+ 21. axb3
Rxd1+ 22. Nxd1 Bxb3 23. Bd3 Rc8+ 24. Nc3 Bxc3 25. bxc3 Rxc3+ 26. Kd2 Rxd3+ 27.
Kxd3 Qc4+ 28. Ke3 Qc3+ 29. Kf2 Qf6+ 30. Kg2 1-0

[Event "TCh-ESP Div 1 2015"]
[Site "Linares ESP"]
[Date "2015.08.10"]
[Round "3.4"]
[Board "3"]
[White "Garcia Castro, Pablo"]
[Black "Quintin Navarro, Alberto"]
[Result "1/2-1/2"]
[WhiteTitle "IM"]
[BlackTitle "FM"]
[WhiteElo "2375"]
[BlackElo "2363"]
[WhiteTeam "C.A. Universidad de Vigo"]
[BlackTeam "C.A. Stadium Casablanca"]
[WhiteFideId "2209365"]
[BlackFideId "2292688"]
[EventDate "2015.08.08"]

1. e4 c5 2. Nc3 Nc6 3. g3 g6 4. Bg2 Bg7 5. d3 d6 6. Be3 Rb8 7. Nge2 b5 8. Qd2 b4
9. Nd1 Qb6 10. O-O e6 11. Kh1 a5 12. f4 Nge7 13. g4 f5 14. gxf5 exf5 15. Bg1 Nd4
16. Ng3 O-O 17. c3 bxc3 18. bxc3 Ne6 19. exf5 Nxf5 20. Nxf5 gxf5 21. Ne3 Qd8 22.
Nd5 Nc7 23. d4 Bb7 24. dxc5 dxc5 25. Rad1 Nxd5 26. Bxd5+ Bxd5+ 27. Qxd5+ Qxd5+
28. Rxd5 Bxc3 29. Bxc5 Rf7 30. Rc1 Bg7 31. Rg1 Kh8 32. Bd4 Bxd4 33. Rxd4 Rg7 34.
Rd5 1/2-1/2

[Event "TCh-ESP Div 1 2015"]
[Site "Linares ESP"]
[Date "2015.08.10"]
[Round "3.4"]
[Board "4"]
[White "Moreno Gracia, Daniel"]
[Black "Senlle Caride, Miguel"]
[Result "1/2-1/2"]
[WhiteTitle "FM"]
[BlackTitle "FM"]
[WhiteElo "2337"]
[BlackElo "2320"]
[WhiteTeam "C.A. Stadium Casablanca"]
[BlackTeam "C.A. Universidad de Vigo"]
[WhiteFideId "2262266"]
[BlackFideId "2282500"]
[EventDate "2015.08.08"]

1. d4 Nf6 2. c4 e6 3. Nc3 d5 4. cxd5 exd5 5. Bg5 Be7 6. e3 O-O 7. Bd3 c5 8. dxc5
Nbd7 9. Nge2 Nxc5 10. O-O Be6 11. Nd4 Qb6 12. Na4 Nxa4 13. Qxa4 h6 14. Bh4 Rac8
15. Qb5 Qxb5 16. Bxb5 Rc5 17. Bd3 Rfc8 18. Rfd1 a6 19. f3 Bd8 20. Bg3 Be7 21.
Be1 Re8 22. Bc3 Rcc8 23. Nb3 Nd7 24. Bd4 Nc5 25. Nxc5 Bxc5 26. Rac1 Bxd4 27.
exd4 Rxc1 28. Rxc1 Rc8 29. Rxc8+ Bxc8 30. Kf2 Kf8 31. h4 Ke7 32. Ke3 Kf6 33. Kf4
g5+ 34. hxg5+ hxg5+ 35. Ke3 Bf5 36. g4 Bc8 1/2-1/2

[Event "TCh-ESP Div 1 2015"]
[Site "Linares ESP"]
[Date "2015.08.11"]
[Round "4.1"]
[Board "1"]
[White "Oliva Castaneda, Kevel"]
[Black "Adla, Diego"]
[Result "1-0"]
[WhiteTitle "IM"]
[BlackTitle "IM"]
[WhiteElo "2488"]
[BlackElo "2437"]
[WhiteTeam "C.A. Silla-López Instalaciones"]
[BlackTeam "C.A. Stadium Casablanca"]
[WhiteFideId "3500799"]
[BlackFideId "100072"]
[EventDate "2015.08.08"]

1. Nf3 c5 2. e4 g6 3. d4 cxd4 4. Nxd4 Bg7 5. Nc3 Nc6 6. Be3 Nf6 7. Bc4 Qa5 8.
O-O O-O 9. Nb3 Qc7 10. Bg5 a6 11. Re1 e6 12. Bf1 b5 13. a3 d6 14. Qd2 Bb7 15.
Rad1 Ne8 16. Bh6 Rd8 17. Re3 Nf6 18. Bxg7 Kxg7 19. Rd3 e5 20. f3 Ne8 21. Nd5 Qd7
22. Ne3 Qe6 23. Nc5 dxc5 24. Rxd8 Nxd8 25. Qxd8 c4 26. Kf2 f6 27. a4 Rf7 28. g4
Qe7 29. axb5 axb5 30. Qb6 f5 31. gxf5 Qh4+ 32. Kg1 Nf6 33. Qxb5 Qf4 34. Re1 Qxf3
35. Qxe5 c3 36. Bg2 Qh5 37. Qxc3 Bc8 38. Bf1 Qxf5 39. Ra1 1-0

[Event "TCh-ESP Div 1 2015"]
[Site "Linares ESP"]
[Date "2015.08.11"]
[Round "4.1"]
[Board "2"]
[White "Glavina, Pablo"]
[Black "Granero Roca, Antonio"]
[Result "1/2-1/2"]
[WhiteTitle "IM"]
[BlackTitle "IM"]
[WhiteElo "2387"]
[BlackElo "2397"]
[WhiteTeam "C.A. Stadium Casablanca"]
[BlackTeam "C.A. Silla-López Instalaciones"]
[WhiteFideId "100234"]
[BlackFideId "2210509"]
[EventDate "2015.08.08"]

1. e4 e5 2. Nf3 Nf6 3. Nxe5 d6 4. Nf3 Nxe4 5. Bd3 Nf6 6. O-O Be7 7. h3 O-O 8. c3
Nbd7 9. Bc2 Re8 10. d4 Nf8 11. Nbd2 Ng6 12. a4 a5 13. Nc4 b6 14. Re1 Bb7 15. Ne3
Bf8 16. d5 Ne5 17. c4 Nxf3+ 18. Qxf3 g6 19. Bd2 Bg7 20. Bc3 Nd7 21. Ng4 h5 22.
Bxg7 Kxg7 23. Qc3+ f6 24. Qd3 Nf8 25. Nh2 Qd7 26. Nf3 Rxe1+ 27. Rxe1 Re8 28. Re3
Qf7 29. Nd4 Rxe3 30. Qxe3 Bc8 31. f4 f5 32. Nf3 Bd7 33. Kf2 Qf6 34. b3 Nh7 35.
Ke2 Kf8 36. Kd2 Kf7 37. Nd4 Qe7 38. Qf2 Qf6 39. Kc3 Nf8 40. Qe3 Be8 41. b4 axb4+
42. Kxb4 Bd7 43. Qc3 Nh7 44. Ka3 Nf8 45. Qe3 Nh7 46. Qc3 Nf8 47. Qe3 Nh7 48. Kb2
Qd8 1/2-1/2

[Event "TCh-ESP Div 1 2015"]
[Site "Linares ESP"]
[Date "2015.08.11"]
[Round "4.1"]
[Board "3"]
[White "Perdiguero Duenas, Jose"]
[Black "Quintin Navarro, Alberto"]
[Result "0-1"]
[BlackTitle "FM"]
[WhiteElo "2201"]
[BlackElo "2363"]
[WhiteTeam "C.A. Silla-López Instalaciones"]
[BlackTeam "C.A. Stadium Casablanca"]
[WhiteFideId "2216760"]
[BlackFideId "2292688"]
[EventDate "2015.08.08"]

1. Nf3 Nf6 2. g3 d5 3. d4 c6 4. Bg2 Bg4 5. Ne5 Bf5 6. Nd2 e6 7. b3 Be7 8. Bb2
O-O 9. O-O Nbd7 10. Re1 a5 11. a4 Qc7 12. Nxd7 Qxd7 13. e4 Bg6 14. Qe2 Rfd8 15.
e5 Ne8 16. Nf3 Nc7 17. Ba3 Bxa3 18. Rxa3 h6 19. Qd2 Na6 20. Qxa5 Qe7 21. Raa1 0-1

[Event "TCh-ESP Div 1 2015"]
[Site "Linares ESP"]
[Date "2015.08.11"]
[Round "4.1"]
[Board "4"]
[White "Moreno Gracia, Daniel"]
[Black "Aquino, Jose Rodolfo"]
[Result "1/2-1/2"]
[WhiteTitle "FM"]
[WhiteElo "2337"]
[BlackElo "2180"]
[WhiteTeam "C.A. Stadium Casablanca"]
[BlackTeam "C.A. Silla-López Instalaciones"]
[WhiteFideId "2262266"]
[BlackFideId "2287048"]
[EventDate "2015.08.08"]

1. Nf3 c5 2. e4 Nf6 3. d3 Nc6 4. Bg5 d5 5. Nbd2 h6 6. Bxf6 exf6 7. Be2 Be7 8.
O-O O-O 9. c3 Re8 10. Qc2 Be6 11. Rad1 Rc8 12. Qb1 Qa5 13. a3 b5 14. exd5 Bxd5
15. c4 Bxf3 16. Bxf3 Nd4 17. cxb5 Qxb5 18. Bd5 Rb8 19. Qa2 Rf8 20. Rfe1 Bd6 21.
Nc4 Qd7 22. Nd2 Rfd8 23. Bc4 Rb7 24. a4 Qg4 25. a5 Ne2+ 26. Kf1 Nf4 27. Bd5 Rbd7
28. Bf3 Qh4 29. g3 Qh3+ 30. Kg1 Nxd3 31. Rf1 Ne5 32. Bg2 Qh5 33. Rc1 Ng4 34. Nf3
Bf8 35. Qc4 Rd2 36. h3 Ne5 37. Nxe5 Qxe5 38. b3 Qd6 39. Rc2 f5 40. Rxd2 Qxd2 41.
a6 f4 42. Qxf4 Qxf4 43. gxf4 Rd4 44. Re1 Rxf4 45. Re8 c4 46. bxc4 Rxc4 47. Ra8
Rc2 48. Be4 Re2 49. Bd5 1/2-1/2

[Event "TCh-ESP Div 1 2015"]
[Site "Linares ESP"]
[Date "2015.08.11"]
[Round "4.2"]
[Board "1"]
[White "Baklan, Vladimir"]
[Black "Pena Gomez, Manuel"]
[Result "1-0"]
[WhiteTitle "GM"]
[BlackTitle "IM"]
[WhiteElo "2608"]
[BlackElo "2462"]
[WhiteTeam "C.A. Jaime Casas"]
[BlackTeam "C.A. Universidad de Vigo"]
[WhiteFideId "14102196"]
[BlackFideId "2252813"]
[EventDate "2015.08.08"]

1. e4 e5 2. Nf3 Nc6 3. Bb5 Nf6 4. Qe2 a6 5. Bxc6 dxc6 6. O-O Bg4 7. h3 Bxf3 8.
Qxf3 Bd6 9. d3 O-O 10. Nd2 b5 11. Rd1 c5 12. Nf1 Re8 13. a4 Nd7 14. Ne3 Qf6 15.
Nf5 g6 16. Nh6+ Kg7 17. Qg4 Nf8 18. h4 Ne6 19. Bg5 Nxg5 20. hxg5 Qf4 21. g3 Qxg4
22. Nxg4 f5 23. gxf6+ Kf7 24. Ra2 b4 25. b3 h5 26. Ne3 Kxf6 27. Kg2 Kg5 28. Kf3
Rf8+ 29. Ke2 Rf7 30. Rg1 Kf6 31. Raa1 g5 32. Rg2 Rh8 33. Rh2 Rfh7 34. Nf5 Rf8
35. Rah1 Kg6 36. Kf1 Rff7 37. Kg2 Rf8 38. Re1 Rhh8 39. Re3 Rf6 40. Rh1 Rhf8 41.
Re2 Rh8 42. Ne3 Rf7 43. Nc4 Rhf8 44. Rf1 Rf6 45. Re3 R6f7 46. Nd2 Rh7 47. Rf3
Rxf3 48. Nxf3 Rh8 49. Nd2 Kf6 50. Nc4 Rg8 51. Re1 Re8 52. Re3 g4 53. Re1 Kg5 54.
Rf1 Rh8 55. Ne3 h4 56. gxh4+ Rxh4 57. Rg1 Kf4 58. Kf1 Bf8 59. Ng2+ 1-0

[Event "TCh-ESP Div 1 2015"]
[Site "Linares ESP"]
[Date "2015.08.11"]
[Round "4.2"]
[Board "2"]
[White "Paramos Dominguez, Roberto"]
[Black "Forcen Esteban, Daniel"]
[Result "1-0"]
[WhiteTitle "IM"]
[BlackTitle "IM"]
[WhiteElo "2398"]
[BlackElo "2543"]
[WhiteTeam "C.A. Universidad de Vigo"]
[BlackTeam "C.A. Jaime Casas"]
[WhiteFideId "2202565"]
[BlackFideId "2288230"]
[EventDate "2015.08.08"]

1. e4 c5 2. Nf3 e6 3. d4 cxd4 4. Nxd4 Nc6 5. Nc3 d6 6. Be3 Nf6 7. Be2 Be7 8. O-O
O-O 9. f4 Bd7 10. Nb3 Qc7 11. g4 Bc8 12. g5 Nd7 13. Bf3 a6 14. Bg2 Re8 15. Qh5
g6 16. Qh4 Bf8 17. Rf3 Bg7 18. Rh3 Nf8 19. Rf1 Ne7 20. Qf2 b5 21. Bb6 Qb8 22. a3
Bb7 23. Bd4 Nc6 24. Bxg7 Kxg7 25. Qh4 Ne7 26. Kh1 Qa7 27. Na5 Bc8 28. Rd3 Qb6
29. b4 Ra7 30. Rfd1 Rd8 31. Ne2 Rad7 32. c4 bxc4 33. Nxc4 Qb5 34. Ne3 d5 35. f5
gxf5 36. exf5 Nxf5 37. Nxf5+ exf5 38. Qh6+ Kg8 39. Nd4 Qb8 40. Nc6 Qf4 41. Nxd8
Rxd8 42. Qf6 Rd6 43. Qd4 Qxd4 44. Rxd4 Bb7 45. Rf4 Ng6 46. Rxf5 Nh4 47. Rf6 Rd7
48. Rd4 Nxg2 49. Kxg2 Rc7 50. Kg3 Rc3+ 51. Rf3 Rc1 52. Kf4 Kg7 53. h4 Bc8 54.
Ke5 Be6 55. Kd6 h6 56. gxh6+ Kxh6 57. Rf6+ Kg7 58. Rf3 Kg6 59. a4 Rb1 60. Rg3+
Kh6 61. Rg5 Rb2 62. Re5 1-0

[Event "TCh-ESP Div 1 2015"]
[Site "Linares ESP"]
[Date "2015.08.11"]
[Round "4.2"]
[Board "3"]
[White "Ramiro Ovejero, Juan Luis"]
[Black "Garcia Castro, Pablo"]
[Result "1-0"]
[WhiteTitle "IM"]
[BlackTitle "IM"]
[WhiteElo "2343"]
[BlackElo "2375"]
[WhiteTeam "C.A. Jaime Casas"]
[BlackTeam "C.A. Universidad de Vigo"]
[WhiteFideId "2210436"]
[BlackFideId "2209365"]
[EventDate "2015.08.08"]

1. e4 d6 2. d4 Nf6 3. Nc3 e5 4. Nf3 exd4 5. Nxd4 g6 6. Bg5 Bg7 7. Qd2 O-O 8.
O-O-O Re8 9. f3 Nc6 10. Nb3 Be6 11. h4 a5 12. a4 Bxb3 13. cxb3 Nb4 14. h5 Qe7
15. hxg6 hxg6 16. Bc4 Rad8 17. Rh3 c6 18. Rdh1 d5 19. Qf4 Qd6 20. Rh8+ Bxh8 21.
Rxh8+ Kxh8 22. Bxf6+ Kg8 23. Qh4 Qxf6 24. Qxf6 dxc4 25. bxc4 Rd3 26. f4 Rg3 27.
e5 Rxg2 28. Ne4 Nd3+ 29. Kb1 Rxb2+ 30. Ka1 Re2 31. Ng5 Re1+ 32. Ka2 Re2+ 33. Kb1
Rf8 34. e6 Re1+ 35. Kc2 Nb4+ 36. Kd2 Rxe6 37. Nxe6 fxe6 38. Qxg6+ Kh8 39. Qh6+
Kg8 40. Qxe6+ Kg7 41. f5 c5 42. Qg6+ Kh8 43. f6 1-0

[Event "TCh-ESP Div 1 2015"]
[Site "Linares ESP"]
[Date "2015.08.11"]
[Round "4.2"]
[Board "4"]
[White "Senlle Caride, Miguel"]
[Black "Rudolf, Anna"]
[Result "1/2-1/2"]
[WhiteTitle "FM"]
[BlackTitle "IM"]
[WhiteElo "2320"]
[BlackElo "2298"]
[WhiteTeam "C.A. Universidad de Vigo"]
[BlackTeam "C.A. Jaime Casas"]
[WhiteFideId "2282500"]
[BlackFideId "722855"]
[EventDate "2015.08.08"]

1. e4 e6 2. d4 d5 3. Nc3 Nf6 4. e5 Nfd7 5. Qg4 c5 6. dxc5 Nxe5 7. Qg3 Nbc6 8.
Be3 g6 9. O-O-O Bg7 10. Kb1 O-O 11. h4 h5 12. Be2 Qa5 13. f4 Nd7 14. f5 exf5 15.
Nxd5 Nxc5 16. Qc7 Ne6 17. Qxa5 Nxa5 18. Nf3 b6 19. Ne7+ Kh8 20. Ng5 f4 21. Bc1
Nd4 22. Bf3 Bb7 23. Bxb7 Nxb7 24. c3 Ne2 25. Bd2 Rae8 26. Nd5 Be5 27. Rhe1 f3
28. Nxf3 Bg3 29. Rf1 Kg7 30. Be3 f5 31. Bg5 Rf7 32. Rd2 Nc5 33. Be3 f4 34. Bxc5
bxc5 35. Kc2 Rd7 36. Rfd1 Red8 37. Ng5 Re8 38. Nf3 Red8 39. Rxe2 Rxd5 40. Rxd5
Rxd5 41. Re7+ Kf6 42. Rxa7 Kf5 43. a4 Kg4 44. Rg7 Rd6 45. Ne5+ Kf5 46. Nf3 Kg4
47. a5 Bxh4 48. Rxg6+ Rxg6 49. Ne5+ Kg3 50. Nxg6 Bd8 51. a6 Bb6 52. Kd2 1/2-1/2

[Event "TCh-ESP Div 1 2015"]
[Site "Linares ESP"]
[Date "2015.08.11"]
[Round "4.3"]
[Board "1"]
[White "Alshameary Puente, Ismael"]
[Black "Iturrizaga Bonelli, Eduardo"]
[Result "0-1"]
[WhiteTitle "FM"]
[BlackTitle "GM"]
[WhiteElo "2370"]
[BlackElo "2625"]
[WhiteTeam "C.A. Alekhine-Espartinas"]
[BlackTeam "Equigoma-Casa Social Católica"]
[WhiteFideId "2225166"]
[BlackFideId "3901211"]
[EventDate "2015.08.08"]

1. d4 Nf6 2. c4 b6 3. f3 Nc6 4. Nc3 e5 5. d5 Ne7 6. d6 cxd6 7. Bg5 Ng6 8. e4 Be7
9. Nge2 O-O 10. h4 Ne8 11. Bxe7 Nxe7 12. g4 a6 13. Ng3 Bb7 14. Nf5 b5 15. Nxd6
Qb6 16. c5 Qxc5 17. Nxb7 Qc7 18. Nd5 Nxd5 19. Qxd5 Nf6 20. Qd6 Qxb7 21. O-O-O
Rae8 22. Bh3 Re6 23. Qd2 Rc6+ 24. Kb1 d6 25. h5 Qe7 26. g5 Nxh5 27. Bf5 g6 28.
Rxh5 gxh5 29. Qh2 f6 30. gxf6 Rxf6 31. Qxh5 Qf7 32. Bxh7+ Kf8 33. Qh4 Qg7 34.
Bf5 Qh6 35. Qe1 Rf7 36. Qa5 Rfc7 37. a4 bxa4 38. Qb4 Ke7 39. Qxa4 Rc1+ 40. Ka2
Rxd1 41. Qxd1 Qc1 42. Qa4 Qc4+ 43. Ka3 Qd3+ 44. Ka2 Qc4+ 45. Ka3 Qxa4+ 46. Kxa4
Rc2 47. b4 Rc3 48. Bg4 Kd8 49. Ka5 Ra3+ 50. Kb6 Ra4 51. Kc6 Rxb4 52. Kxd6 a5 53.
Kxe5 a4 54. Be6 a3 55. f4 Rb2 56. Kd4 0-1

[Event "TCh-ESP Div 1 2015"]
[Site "Linares ESP"]
[Date "2015.08.11"]
[Round "4.3"]
[Board "2"]
[White "Arizmendi Martinez, Julen Luis"]
[Black "Santos Ruiz, Miguel"]
[Result "1-0"]
[WhiteTitle "GM"]
[BlackTitle "FM"]
[WhiteElo "2529"]
[BlackElo "2341"]
[WhiteTeam "Equigoma-Casa Social Católica"]
[BlackTeam "C.A. Alekhine-Espartinas"]
[WhiteFideId "2205092"]
[BlackFideId "22291482"]
[EventDate "2015.08.08"]

1. e4 e6 2. d4 d5 3. Nc3 Bb4 4. exd5 exd5 5. Bd3 Nc6 6. a3 Bxc3+ 7. bxc3 Be6 8.
Rb1 b6 9. Qf3 Qd7 10. Ne2 O-O-O 11. h3 Nge7 12. Ng3 Rdg8 13. O-O g5 14. Qf6 h5
15. Bxg5 h4 16. Bxh4 Bxh3 17. f3 Ng6 18. Bg5 Nce7 19. Rf2 Be6 20. f4 Qd6 21. Rf3
Bg4 22. Qxd6 cxd6 23. Re3 Nc6 24. f5 Nf8 25. Bf4 Kc7 26. Rb5 Nh7 27. Rxd5 Rd8
28. Ne4 Ne7 29. Rxd6 Nxf5 30. Rf6+ 1-0

[Event "TCh-ESP Div 1 2015"]
[Site "Linares ESP"]
[Date "2015.08.11"]
[Round "4.3"]
[Board "3"]
[White "Gutierrez Valero, Mario"]
[Black "Castellanos Rodriguez, Renier"]
[Result "1/2-1/2"]
[BlackTitle "IM"]
[WhiteElo "2271"]
[BlackElo "2468"]
[WhiteTeam "C.A. Alekhine-Espartinas"]
[BlackTeam "Equigoma-Casa Social Católica"]
[WhiteFideId "2243695"]
[BlackFideId "3404650"]
[EventDate "2015.08.08"]

1. d4 Nf6 2. c4 e6 3. Nf3 Bb4+ 4. Bd2 c5 5. Bxb4 cxb4 6. g3 O-O 7. Bg2 d6 8. O-O
a5 9. Nbd2 Qc7 10. e4 e5 11. d5 Na6 12. Ne1 Bg4 13. Bf3 Bd7 14. Rc1 Nc5 15. Qe2
b6 16. Nd3 Rae8 17. Rfe1 g6 18. Ra1 h5 19. a3 bxa3 20. Rxa3 a4 21. Qe3 Kg7 22.
Nxc5 bxc5 23. Rea1 Rb8 24. R1a2 Rb4 25. Bd1 Rfb8 26. Qc3 Qb6 27. f4 Re8 28. Bxa4
Bxa4 29. Rxa4 Rxa4 30. Rxa4 h4 31. b3 hxg3 32. hxg3 Qb7 33. Qf3 Qe7 34. Ra6 exf4
35. Qxf4 Rd8 36. g4 Nh7 37. Nf3 f6 38. Ra2 Rb8 39. Rh2 Ng5 40. Nxg5 fxg5 41. Qe3
Qe5 42. Rf2 Rf8 43. Rxf8 Kxf8 44. Kg2 1/2-1/2

[Event "TCh-ESP Div 1 2015"]
[Site "Linares ESP"]
[Date "2015.08.11"]
[Round "4.3"]
[Board "4"]
[White "Corral Blanco, Juan Antonio"]
[Black "Perez Garcia, Roberto"]
[Result "0-1"]
[WhiteTitle "FM"]
[WhiteElo "2432"]
[BlackElo "2128"]
[WhiteTeam "Equigoma-Casa Social Católica"]
[BlackTeam "C.A. Alekhine-Espartinas"]
[WhiteFideId "2200368"]
[BlackFideId "2217708"]
[EventDate "2015.08.08"]

1. Nf3 Nf6 2. c4 g6 3. Nc3 d5 4. cxd5 Nxd5 5. e4 Nxc3 6. bxc3 Bg7 7. Bb5+ c6 8.
Ba4 O-O 9. Ba3 b5 10. Bb3 a5 11. Rc1 Ba6 12. d4 Nd7 13. Qd2 Rc8 14. e5 a4 15.
Bc2 c5 16. Bd3 cxd4 17. cxd4 Rxc1+ 18. Bxc1 Nb6 19. O-O Nd5 20. Ba3 Qd7 21. Rb1
Rc8 22. Bc5 h6 23. Qa5 Nf4 24. Qxa6 Nxd3 25. Qxb5 Qf5 26. Bxe7 g5 27. h3 Nf4 28.
Ne1 Ne2+ 29. Qxe2 Qxb1 30. Kh2 Rc1 31. Nd3 Rd1 32. Nc5 Rxd4 33. e6 Qf5 34. exf7+
Kxf7 35. g3 Be5 36. Kg2 Kxe7 37. Qb2 Qc8 38. Qb6 Qa8+ 39. Kh2 Bd6 40. Nb7 Rd5
41. Qc6 Qg8 42. Kg2 Qe6 43. Qxa4 Rd2 44. Nxd6 Qxd6 45. Qe4+ Kf6 46. Qh7 Qd5+ 47.
Kh2 Ke5 0-1